000 00734nam a2200289Ia 4500
005 20260324112011.0
008 008 260324s9999 xx 000 0 eng d
020 _a9781003314783
037 _aEBOOK
040 _aCRL
040 _beng
040 _cCRL
041 _2eng
041 _aeng
084 _qCRL
100 _aRoy Smith; Imad El-Anis; Christopher Farrands
_91140892
245 0 _aInternational Political Economy in the 21st Century
245 0 _bContemporary Issues and Analyses
260 _bTaylor and Francis
260 _c2025
365 _a
365 _b230
856 _uhttp://www.taylorfrancis.com/books/9781003314783
942 _cEBOOK
999 _c1729911
_d1729911